Revista de museus /
Descripción Física:
1 volum : il·lustracions, periodicitat anual ; 27 cm
Idioma:
Catalán
MARC
| LEADER | 00000nas a2200000 a 4500 | ||
|---|---|---|---|
| 001 | 16599 | ||
| 003 | AGDB | ||
| 005 | 20260324175352.0 | ||
| 008 | 160829d1983 spcar p|| a0cat c 000 0 cat d | ||
| 017 | |a DL B. 43485-1983 | ||
| 017 | |a DL B. 28206-1986 | ||
| 022 | |a 0212-7563 | ||
| 040 | |a agdb | ||
| 245 | 0 | 0 | |a Revista de museus / |c director: Jordi Labòria i Martorell, Roger Marcet i Barbé |
| 260 | |a Barcelona : |b Diputació de Barcelona, |c 1983- | ||
| 300 | |a 1 volum : |b il·lustracions, periodicitat anual ; |c 27 cm | ||
| 310 | |a Anual | ||
| 362 | |a 1 (1983)- | ||
| 500 | |a Editada per la Secció de Museus de la Diputació de Barcelona | ||
| 590 | |a Anual. | ||
| 590 | |a Bibliografia | ||
| 650 | |a Museus |x Barcelona (Província) |x Revistes |9 29946 | ||
| 655 | 0 | |9 55823 |a Revistes | |
| 700 | 1 | |9 54501 |a Labòria i Martorell, Jordi |e director editorial | |
| 700 | 1 | |a Marcet i Barbé, Roger, |d 1953- |e director editorial |9 54502 | |
| 710 | 1 | |a Barcelona (Catalunya : Província). |b Secció de Museus |9 54500 |e entitat editora | |
| 866 | |a 1983 | ||
| 866 | |a 1986 | ||
| 866 | |a 1987 | ||
| 901 | |a Arxiu | ||
| 942 | |n 1 |2 udc |c REV | ||
| 952 | |0 0 |1 0 |4 0 |6 REV441 |7 1 |9 45181 |a Arxiu |b Arxiu |d 2016-12-01 |h 1983, 1986-1987 |o Rev-441 |p 16599 |r 2016-12-01 00:00:00 |w 2016-12-01 |y ARXIU | ||
| 999 | |c 48252 |d 48252 | ||